Qué debemos creer todavía? : propuestas para una nueva generación / Karl Rahner, Karl H. Weger : tr. por Juan Carlos Rodríguez Harranz

Guardado en:
Bibliografiske detaljer
Hovedforfatter: Rahner, Karl (autor)
Andre forfattere: I.Weger, Karl H. (autor) (autor)
Format: Bog
Serier:Presencia Teológica ; no. 4
Fag:
FE
Tags: Tilføj Tag
Ingen Tags, Vær først til at tagge denne postø!

MARC

LEADER 00000nam^a2200000^u^4500
001 000543395
005 20250521000000.0
008 060220s1000^^^^^^^^^^^^r^^^^^000^0^spa^d
009 20260526152311.069
035 |a FMI 000012307 
037 |a Acervo Xavier Clavigero 
096 |a 5.3.4/6/C 
100 |a Rahner, Karl  |e (autor) 
245 1 0 |a Qué debemos creer todavía? : propuestas para una nueva generación / Karl Rahner, Karl H. Weger : tr. por Juan Carlos Rodríguez Harranz 
264 |a Santander [España] : Sal Terrae, 1980 
300 |a 190 p. 
336 |a texto  |b txt  |2 rdacontenido 
337 |a sin mediación  |b n  |2 rdamedio 
338 |a volumen  |b nc  |2 rdasoporte 
440 0 |a Presencia Teológica ; no. 4 
597 |a Traducido de: Was sollen wir noch glauben 
649 |a XX 
650 |a FE 
700 |a I.Weger, Karl H.  |e (autor) 
910 |a Fondo Francisco Migoya Covarrubias S.J. 
920 |a Impresos - Libros 
930 |a Fondos Especiales 
905 |a 134 
901 |a SBC01617  |b IT2  |c ESP  |u 20250521 
902 |a https://opac.biblio.iteso.mx/vufind/Record/000543395